[Event "Bundesliga 2022-23"]
[Site "Bremen GER"]
[Date "2022.11.25"]
[Round "7.5"]
[Board "5"]
[White "Jovanovic, Zoran"]
[Black "Hracek, Zbynek"]
[Result "1/2-1/2"]
[WhiteTitle "GM"]
[BlackTitle "GM"]
[WhiteElo "2519"]
[BlackElo "2542"]
[WhiteTeam "SK Kirchweyhe"]
[BlackTeam "SV Werder Bremen"]
[WhiteFideId "14505320"]
[BlackFideId "300071"]
[EventDate "2022.10.22"]

1. e4 e5 2. Nf3 Nc6 3. Nc3 Nf6 4. d4 exd4 5. Nxd4 Bb4 6. Nxc6 bxc6 7. Bd3 d5 8.
Bd2 O-O 9. O-O Bxc3 10. Bxc3 dxe4 11. Bxf6 Qxf6 12. Bxe4 Qxb2 13. Bxc6 Rb8 14.
Rb1 Qxb1 15. Qxb1 Rxb1 16. Rxb1 Rd8 17. Bf3 Kf8 18. h4 Ke7 19. Rb8 Bf5 20. Rb5
Bxc2 21. Re5+ Kf6 22. Rc5 Bb1 23. Rxc7 Bxa2 24. Rxa7 1/2-1/2

[Event "Bundesliga 2022-23"]
[Site "Bremen GER"]
[Date "2022.11.25"]
[Round "7.5"]
[Board "6"]
[White "Babula, Vlastimil"]
[Black "Kovacevic, Aleksandar"]
[Result "0-1"]
[WhiteTitle "GM"]
[BlackTitle "GM"]
[WhiteElo "2574"]
[BlackElo "2471"]
[WhiteTeam "SV Werder Bremen"]
[BlackTeam "SK Kirchweyhe"]
[WhiteFideId "301264"]
[BlackFideId "903124"]
[EventDate "2022.10.22"]

1. d4 Nf6 2. c4 e6 3. Nf3 d5 4. Nc3 Bb4 5. Qa4+ Nc6 6. e3 O-O 7. Qc2 Re8 8. Bd2
a6 9. a3 Bd6 10. h3 h6 11. cxd5 exd5 12. Bd3 Be6 13. O-O-O Bd7 14. g4 b5 15. g5
hxg5 16. Nxg5 b4 17. axb4 Nxb4 18. Qb1 Nxd3+ 19. Qxd3 Qc8 20. Nxd5 Nxd5 21. Qh7+
Kf8 22. e4 Nf4 23. Qh8+ Ke7 24. Qxg7 Ne2+ 25. Kb1 Be6 26. e5 Rb8 27. exd6+ cxd6
28. Nxf7 Qc2+ 29. Kxc2 Bf5# 0-1

[Event "Bundesliga 2022-23"]
[Site "Bremen GER"]
[Date "2022.11.25"]
[Round "7.5"]
[Board "7"]
[White "Palac, Mladen"]
[Black "Pruijssers, Roeland"]
[Result "1/2-1/2"]
[WhiteTitle "GM"]
[BlackTitle "GM"]
[WhiteElo "2516"]
[BlackElo "2555"]
[WhiteTeam "SK Kirchweyhe"]
[BlackTeam "SV Werder Bremen"]
[WhiteFideId "14500116"]
[BlackFideId "1013068"]
[EventDate "2022.10.22"]

1. e4 Nf6 2. e5 Nd5 3. d4 d6 4. Nf3 dxe5 5. Nxe5 g6 6. Bc4 c6 7. O-O Bg7 8. Re1
O-O 9. Bb3 Nd7 10. Nf3 b5 11. Bxd5 cxd5 12. Nc3 a6 13. Nxd5 e6 14. Nb4 Bb7 15.
Be3 e5 16. Nxe5 Nxe5 17. dxe5 Bxe5 18. Qxd8 Rfxd8 19. Nd3 Bg7 20. Nc5 Bc6 21. c3 1/2-1/2

[Event "Bundesliga 2022-23"]
[Site "Bremen GER"]
[Date "2022.11.25"]
[Round "7.5"]
[Board "8"]
[White "Reuker, Jari"]
[Black "Zelcic, Robert"]
[Result "0-1"]
[WhiteTitle "IM"]
[BlackTitle "GM"]
[WhiteElo "2432"]
[BlackElo "2495"]
[WhiteTeam "SV Werder Bremen"]
[BlackTeam "SK Kirchweyhe"]
[WhiteFideId "12909300"]
[BlackFideId "14500310"]
[EventDate "2022.10.22"]

1. e4 c6 2. Nf3 d5 3. d3 dxe4 4. dxe4 Qxd1+ 5. Kxd1 Nf6 6. Nbd2 g6 7. Ne5 Bh6 8.
Bc4 O-O 9. Re1 b5 10. Bd3 Nfd7 11. Nxd7 Nxd7 12. Nb3 Bg7 13. c3 a6 14. Be3 f5
15. f4 fxe4 16. Bxe4 Nf6 17. Bxc6 Bg4+ 18. Kc1 Rac8 19. Bb7 Rc7 20. Bxa6 Nd5 21.
Bxb5 Nxc3 22. bxc3 Bxc3 23. Bb6 Rcc8 24. Rxe7 Bxa1+ 25. Kd2 Bc3+ 26. Ke3 Bf6 27.
Rc7 Rxc7 28. Bxc7 Rc8 29. Be5 Bxe5 30. fxe5 Be6 31. Nd4 Bxa2 32. e6 Kf8 33. Bd7
Rc1 34. Kf4 Rc5 35. h4 Bd5 36. g4 Ke7 37. h5 Bb7 38. hxg6 hxg6 39. g5 Rc4 40.
Ke5 Rc1 41. Kf4 Rc5 42. Nb5 Rc4+ 43. Ke3 Rg4 44. Nd4 Rxg5 45. Kf4 Rc5 46. Ne2
Rf5+ 47. Kg3 Re5 48. Nf4 Kf6 49. Kg4 Re4 50. Kg3 Re3+ 51. Kh2 Bf3 52. Kg3 g5 53.
Nh3 Bd5+ 54. Kf2 Rxh3 55. e7 Rf3+ 0-1

[Event "Bundesliga 2022-23"]
[Site "Deizisau GER"]
[Date "2022.11.25"]
[Round "7.7"]
[Board "1"]
[White "Bluebaum, Matthias"]
[Black "Maghsoodloo, Parham"]
[Result "1/2-1/2"]
[WhiteTitle "GM"]
[BlackTitle "GM"]
[WhiteElo "2647"]
[BlackElo "2721"]
[WhiteTeam "Schachfreunde Deizisau"]
[BlackTeam "FC Bayern Muenchen"]
[WhiteFideId "24651516"]
[BlackFideId "12539929"]
[EventDate "2022.10.22"]

1. d4 Nf6 2. c4 e6 3. Nc3 Bb4 4. e3 O-O 5. Bd3 d5 6. Nf3 Nbd7 7. O-O dxc4 8.
Bxc4 c5 9. a3 Bxc3 10. bxc3 b6 11. Qe2 Bb7 12. Bd3 Be4 13. Bxe4 Nxe4 14. Qd3
Nef6 15. Rd1 Qc7 16. e4 cxd4 17. cxd4 Rac8 18. Bg5 h6 19. Bxf6 Qb7 20. Nd2 Nxf6
21. Rac1 Rc6 22. f3 Rfc8 23. Nb3 a6 24. Rxc6 Rxc6 25. d5 exd5 26. e5 Nd7 27.
Qxd5 Nc5 28. Nd4 Rc7 29. Qxb7 Rxb7 30. Nc6 Rd7 31. Rxd7 Nxd7 32. Kf2 f6 1/2-1/2

[Event "Bundesliga 2022-23"]
[Site "Deizisau GER"]
[Date "2022.11.25"]
[Round "7.7"]
[Board "2"]
[White "Tabatabaei, M. Amin"]
[Black "Kamsky, Gata"]
[Result "1/2-1/2"]
[WhiteTitle "GM"]
[BlackTitle "GM"]
[WhiteElo "2657"]
[BlackElo "2666"]
[WhiteTeam "FC Bayern Muenchen"]
[BlackTeam "Schachfreunde Deizisau"]
[WhiteFideId "12521213"]
[BlackFideId "2000024"]
[EventDate "2022.10.22"]

1. e4 e5 2. Nf3 Nc6 3. Bb5 a6 4. Ba4 Nf6 5. O-O Be7 6. Re1 b5 7. Bb3 O-O 8. a4
Bb7 9. d3 d6 10. Bd2 b4 11. a5 Rb8 12. h3 Kh8 13. c3 bxc3 14. Nxc3 Nd7 15. Nd5
f5 16. Bc4 f4 17. Bc3 Bf6 18. b4 Ne7 19. Nxf6 gxf6 20. d4 Qe8 21. Kh2 Qg6 22.
Qe2 exd4 23. Bxd4 Ne5 24. Bxe5 fxe5 25. Rac1 Bc6 26. Qb2 Qg7 27. Bxa6 Rg8 28.
Rg1 Bxe4 29. Bc4 Rge8 30. a6 Ba8 31. b5 Nf5 32. a7 Rb7 33. Ra1 Rb6 34. Qd2 e4
35. Qxf4 Rf8 36. Nh4 Nxh4 37. Qxh4 d5 38. Be2 d4 39. Rab1 d3 40. Bg4 Rbf6 41.
Qg3 1/2-1/2

[Event "Bundesliga 2022-23"]
[Site "Deizisau GER"]
[Date "2022.11.25"]
[Round "7.7"]
[Board "3"]
[White "Kollars, Dmitrij"]
[Black "Alonso Rosell, Alvar"]
[Result "1/2-1/2"]
[WhiteTitle "GM"]
[BlackTitle "GM"]
[WhiteElo "2612"]
[BlackElo "2563"]
[WhiteTeam "Schachfreunde Deizisau"]
[BlackTeam "FC Bayern Muenchen"]
[WhiteFideId "12909572"]
[BlackFideId "2270544"]
[EventDate "2022.10.22"]

1. e4 e5 2. Nf3 Nc6 3. Bb5 a6 4. Ba4 d6 5. O-O Bd7 6. c4 Nf6 7. Nc3 Bg4 8. h3
Bxf3 9. Qxf3 Be7 10. d3 O-O 11. Be3 Nd7 12. Qg3 Nd4 13. Bxd7 Qxd7 14. Bxd4 exd4
15. Ne2 Bf6 16. f4 b5 17. Rac1 bxc4 18. e5 dxe5 19. fxe5 Be7 20. Rxc4 Rab8 21.
b3 c5 22. Nf4 Rb6 23. Rc2 Rh6 24. Qf3 Re8 25. Nd5 Bf8 26. Re2 Rhe6 27. Qf5 Qb7
28. Nf4 g6 29. Qg5 f6 30. exf6 Rxe2 31. Nxe2 Rxe2 32. f7+ Kg7 33. Qf6+ Kh6 34.
Qh4+ Kg7 35. Qf6+ Kh6 36. Qh4+ Kg7 37. Qf6+ 1/2-1/2

[Event "Bundesliga 2022-23"]
[Site "Deizisau GER"]
[Date "2022.11.25"]
[Round "7.7"]
[Board "4"]
[White "Dragnev, Valentin"]
[Black "Heimann, Andreas"]
[Result "1/2-1/2"]
[WhiteTitle "GM"]
[BlackTitle "GM"]
[WhiteElo "2544"]
[BlackElo "2573"]
[WhiteTeam "FC Bayern Muenchen"]
[BlackTeam "Schachfreunde Deizisau"]
[WhiteFideId "1634852"]
[BlackFideId "24624632"]
[EventDate "2022.10.22"]

1. e4 e5 2. Nf3 Nc6 3. Bb5 a6 4. Ba4 Nf6 5. O-O Nxe4 6. d4 Be7 7. Re1 b5 8. Rxe4
d5 9. Nxe5 Nxe5 10. Bxb5+ axb5 11. Rxe5 O-O 12. Bf4 g5 13. Bg3 f5 14. f4 Bd6 15.
Re1 gxf4 16. Bf2 f3 17. Qxf3 c6 18. Nd2 f4 19. Qh5 Bf5 20. c3 Ra7 21. Bh4 Qd7
22. Qh6 Bg6 23. Nf3 Be4 24. Ng5 Re8 25. h3 Raa8 26. Qf6 Bg6 27. Rxe8+ Rxe8 28.
Re1 Rxe1+ 29. Bxe1 Qe7 30. Qxe7 Bxe7 31. Ne6 f3 32. gxf3 Bf5 33. Nf4 Bg5 34. Bd2
Kf7 35. Kg2 Bxf4 36. Bxf4 Bb1 37. a3 Kg6 38. Kf2 Bc2 39. Ke2 Kf5 40. Bc1 Bb3 41.
Kd3 Bd1 42. Kd2 Bxf3 43. Kc2 Ke6 44. Kb3 Kd7 45. Kb4 Kc7 46. b3 h5 47. h4 Bd1
48. a4 bxa4 49. bxa4 Kb7 50. a5 Be2 51. Bg5 Bf1 52. Kc5 Be2 53. Kd6 1/2-1/2

[Event "Bundesliga 2022-23"]
[Site "Deizisau GER"]
[Date "2022.11.25"]
[Round "7.7"]
[Board "5"]
[White "Zilka, Stepan"]
[Black "Lokander, Martin"]
[Result "1/2-1/2"]
[WhiteTitle "GM"]
[BlackTitle "IM"]
[WhiteElo "2594"]
[BlackElo "2449"]
[WhiteTeam "Schachfreunde Deizisau"]
[BlackTeam "FC Bayern Muenchen"]
[WhiteFideId "315303"]
[BlackFideId "1709569"]
[EventDate "2022.10.22"]

1. e4 e5 2. Nf3 Nc6 3. Bb5 a6 4. Ba4 Nge7 5. c3 Ng6 6. d4 exd4 7. cxd4 d5 8.
exd5 Qxd5 9. Nc3 Qh5 10. d5 b5 11. dxc6 bxa4 12. O-O Bd6 13. Re1+ Be6 14. Ne4
Be7 15. Bg5 O-O 16. Ng3 Qg4 17. Bxe7 Nxe7 18. Re4 Qg6 19. Qxa4 Qf6 20. Qd4 Nxc6
21. Qxf6 gxf6 22. Nh5 Rfb8 23. Nxf6+ Kg7 24. Nh5+ Kg6 25. Nf4+ Kf5 26. Rae1 Bxa2
27. h3 Rb5 28. g4+ Kf6 29. Rc1 Nd8 30. Nh5+ Rxh5 31. gxh5 Ne6 32. Kh2 Rb8 33.
Re2 Bd5 34. Ne5 Rb5 35. Ng4+ Kg5 36. Rg1 Nd4 37. Ne3+ Kh6 38. Ng4+ Kg5 39. Ne5+
Kf5 40. Re3 f6 41. Ng4 Nf3+ 42. Rxf3+ Bxf3 43. Kg3 Be2 44. Rc1 c5 45. f3 c4 46.
Ne3+ Kg5 47. Nxc4 Kxh5 48. Rc2 Bd3 49. Rc3 Be2 50. Ne3 Rg5+ 51. Kf2 Bb5 52. f4
Rg7 53. Ng4 Kg6 54. Rg3 Rb7 1/2-1/2

[Event "Bundesliga 2022-23"]
[Site "Deizisau GER"]
[Date "2022.11.25"]
[Round "7.7"]
[Board "6"]
[White "Fedorovsky, Michael"]
[Black "Kozul, Zdenko"]
[Result "1/2-1/2"]
[WhiteTitle "IM"]
[BlackTitle "GM"]
[WhiteElo "2410"]
[BlackElo "2549"]
[WhiteTeam "FC Bayern Muenchen"]
[BlackTeam "Schachfreunde Deizisau"]
[WhiteFideId "14105454"]
[BlackFideId "14502879"]
[EventDate "2022.10.22"]

1. d4 Nf6 2. c4 g6 3. Nc3 Bg7 4. e4 d6 5. h4 Nc6 6. Nge2 a6 7. f3 h5 8. Bg5 O-O
9. Qd2 Na5 10. Nc1 Bd7 11. Be2 c5 12. dxc5 dxc5 13. Nb3 Nxb3 14. axb3 Bc6 15.
Qxd8 Rfxd8 16. Nd5 Bxd5 17. cxd5 Kf8 18. O-O-O Rac8 19. Kb1 Ne8 20. Rc1 Nd6 21.
Be3 f5 22. Bxc5 fxe4 23. Bxd6 exd6 24. fxe4 Rxc1+ 25. Rxc1 Re8 26. Bf3 Bf6 27.
g3 Kg7 28. Rc7+ Re7 29. Rxe7+ Bxe7 30. Kc2 Bf6 31. g4 hxg4 32. Bxg4 Bxh4 33. Bc8
b6 34. Bxa6 Kf6 35. Kd3 Ke5 36. Ke3 Bg5+ 37. Kf3 Bc1 38. b4 Bxb2 39. Bc8 Bc1 1/2-1/2

[Event "Bundesliga 2022-23"]
[Site "Deizisau GER"]
[Date "2022.11.25"]
[Round "7.7"]
[Board "7"]
[White "Dautov, Rustem"]
[Black "Meister, Peter"]
[Result "1-0"]
[WhiteTitle "GM"]
[BlackTitle "IM"]
[WhiteElo "2592"]
[BlackElo "2348"]
[WhiteTeam "Schachfreunde Deizisau"]
[BlackTeam "FC Bayern Muenchen"]
[WhiteFideId "4623606"]
[BlackFideId "4600207"]
[EventDate "2022.10.22"]

1. d4 d5 2. c4 dxc4 3. Nf3 a6 4. e3 Bg4 5. Bxc4 e6 6. Nc3 Nc6 7. h3 Bh5 8. O-O
Nf6 9. Be2 Bd6 10. b3 O-O 11. Bb2 Qe7 12. Ne5 Bxe2 13. Nxc6 Bxd1 14. Nxe7+ Bxe7
15. Rfxd1 Rfd8 16. Rac1 Rac8 17. Na4 Nd7 18. d5 exd5 19. Rxd5 Nf6 20. Rd4 Rxd4
21. Bxd4 Nd7 22. Nb6 Nxb6 23. Bxb6 Bd6 24. Kf1 Kf8 25. Ke2 Ke7 26. g4 Kd7 27.
Bd4 g6 28. Bc5 b6 29. Bxd6 Kxd6 30. Rc4 f6 31. Rf4 Ke6 32. Re4+ Kd6 33. f4 c5
34. f5 gxf5 35. gxf5 Rc6 36. Re8 b5 37. Kd3 c4+ 38. bxc4 bxc4+ 39. Kc3 Kd5 40.
e4+ Kc5 41. e5 Kd5 42. e6 Ke5 43. Rd8 Rc7 44. Rd7 Rc8 45. e7 Re8 46. Kxc4 Rc8+
47. Kb4 a5+ 48. Kb5 Re8 49. Kc6 Kxf5 50. Kd6 Kg6 51. Ke6 1-0

[Event "Bundesliga 2022-23"]
[Site "Deizisau GER"]
[Date "2022.11.25"]
[Round "7.7"]
[Board "8"]
[White "Rafiee, Makan"]
[Black "Kozak, Adam"]
[Result "0-1"]
[WhiteTitle "FM"]
[BlackTitle "GM"]
[WhiteElo "2316"]
[BlackElo "2516"]
[WhiteTeam "FC Bayern Muenchen"]
[BlackTeam "Schachfreunde Deizisau"]
[WhiteFideId "24609340"]
[BlackFideId "753246"]
[EventDate "2022.10.22"]

1. e4 e5 2. Nf3 Nc6 3. Bb5 a6 4. Ba4 Nf6 5. O-O Be7 6. Re1 b5 7. Bb3 d6 8. c3
O-O 9. h3 Na5 10. Bc2 c5 11. d4 Qc7 12. d5 Nb7 13. b3 Nd8 14. c4 Bd7 15. Nc3 Ne8
16. Ne2 g6 17. Bh6 Ng7 18. g4 f6 19. Ng3 Nf7 20. Qd2 Nxh6 21. Qxh6 Rf7 22. Qd2
Raf8 23. Nh2 Qd8 24. h4 f5 25. exf5 gxf5 26. g5 f4 27. Ne4 Nf5 28. Nf3 Rg7 29.
Kg2 Be8 30. Rh1 Bh5 31. Bd1 Qe8 32. Be2 Bg4 33. Ng1 Bxe2 34. Qxe2 Nd4 35. Qg4
f3+ 0-1

[Event "Bundesliga 2022-23"]
[Site "Bremen GER"]
[Date "2022.11.26"]
[Round "3.1"]
[Board "1"]
[White "Vitiugov, Nikita"]
[Black "McShane, Luke J"]
[Result "1/2-1/2"]
[WhiteTitle "GM"]
[BlackTitle "GM"]
[WhiteElo "2722"]
[BlackElo "2653"]
[WhiteTeam "OSG Baden-Baden"]
[BlackTeam "SV Werder Bremen"]
[WhiteFideId "4152956"]
[BlackFideId "404853"]
[EventDate "2022.10.22"]

1. d4 Nf6 2. c4 e6 3. Nf3 b6 4. g3 Bb7 5. Bg2 Be7 6. O-O O-O 7. Re1 Na6 8. a3 d5
9. cxd5 exd5 10. Bf4 c5 11. Nc3 Ne4 12. Rc1 Re8 13. h4 h6 14. dxc5 Naxc5 15. Be5
Bf8 16. e3 a5 17. Bd4 a4 18. Ne5 Nb3 19. Rc2 Bc5 20. Bf1 Nd6 21. Bg2 Ne4 22. Bf1
Nd6 23. Bg2 1/2-1/2

[Event "Bundesliga 2022-23"]
[Site "Bremen GER"]
[Date "2022.11.26"]
[Round "3.1"]
[Board "2"]
[White "Areshchenko, Alexander"]
[Black "Keymer, Vincent"]
[Result "1/2-1/2"]
[WhiteTitle "GM"]
[BlackTitle "GM"]
[WhiteElo "2632"]
[BlackElo "2700"]
[WhiteTeam "SV Werder Bremen"]
[BlackTeam "OSG Baden-Baden"]
[WhiteFideId "14109530"]
[BlackFideId "12940690"]
[EventDate "2022.10.22"]

1. e4 e5 2. Nf3 Nc6 3. Bb5 a6 4. Ba4 Nf6 5. O-O Be7 6. Re1 b5 7. Bb3 O-O 8. c3
d5 9. exd5 Nxd5 10. Nxe5 Nxe5 11. Rxe5 c6 12. d3 Bd6 13. Re1 Bf5 14. Qf3 Qh4 15.
g3 Qh3 16. Be3 Bxd3 17. Nd2 Bf5 18. Bxd5 cxd5 19. Qxd5 Rfd8 20. Qf3 Bg4 21. Qg2
b4 22. f3 bxc3 23. fxg4 1/2-1/2

[Event "Bundesliga 2022-23"]
[Site "Bremen GER"]
[Date "2022.11.26"]
[Round "3.1"]
[Board "5"]
[White "Naiditsch, Arkadij"]
[Black "Babula, Vlastimil"]
[Result "1-0"]
[WhiteTitle "GM"]
[BlackTitle "GM"]
[WhiteElo "2667"]
[BlackElo "2574"]
[WhiteTeam "OSG Baden-Baden"]
[BlackTeam "SV Werder Bremen"]
[WhiteFideId "4650891"]
[BlackFideId "301264"]
[EventDate "2022.10.22"]

1. e4 c5 2. Nf3 d6 3. d4 cxd4 4. Nxd4 Nf6 5. Nc3 Nc6 6. Bg5 e6 7. Qd2 a6 8.
O-O-O Be7 9. f3 Nxd4 10. Qxd4 b5 11. h4 Bb7 12. Kb1 O-O 13. Bd3 Qc7 14. Ne2 Rac8
15. Qf2 d5 16. e5 Ne4 17. Qe1 Bc5 18. Rf1 Qb6 19. Nf4 Nf2 20. Nh5 Nxd1 21. Qxd1
Bd4 22. f4 f5 23. exf6 Bxf6 24. Bxf6 Rxf6 25. Nxf6+ gxf6 26. Qh5 Rc7 27. Qe8+
Kg7 28. h5 1-0

[Event "Bundesliga 2022-23"]
[Site "Bremen GER"]
[Date "2022.11.26"]
[Round "3.1"]
[Board "6"]
[White "Pruijssers, Roeland"]
[Black "Donchenko, Alexander"]
[Result "0-1"]
[WhiteTitle "GM"]
[BlackTitle "GM"]
[WhiteElo "2555"]
[BlackElo "2646"]
[WhiteTeam "SV Werder Bremen"]
[BlackTeam "OSG Baden-Baden"]
[WhiteFideId "1013068"]
[BlackFideId "24603295"]
[EventDate "2022.10.22"]

1. e4 c6 2. Nc3 d5 3. d4 dxe4 4. Nxe4 Nf6 5. Nxf6+ exf6 6. c3 Bd6 7. Bd3 O-O 8.
Qc2 Re8+ 9. Ne2 h5 10. Be3 Nd7 11. O-O-O b5 12. g4 hxg4 13. h3 g3 14. Rhg1 gxf2
15. Bxf2 Nb6 16. Qd2 Kf8 17. Ng3 Nc4 18. Bxc4 bxc4 19. Nh5 Qa5 20. Nxg7 Qxa2 21.
Qh6 Qa1+ 22. Kc2 Re2+ 23. Rd2 Rxd2+ 24. Qxd2 Qa4+ 25. Kb1 Rb8 26. Bg3 Bxg3 27.
Rxg3 Rb5 28. h4 Ra5 29. Kc1 Qb3 30. Qc2 Ra1+ 31. Kd2 Qb8 32. Qh7 Qxb2+ 33. Qc2
Qb8 34. Qh7 Ra2+ 35. Kd1 Bg4+ 36. Rxg4 Qb3+ 0-1

[Event "Bundesliga 2022-23"]
[Site "Bremen GER"]
[Date "2022.11.26"]
[Round "3.1"]
[Board "7"]
[White "Gustafsson, Jan"]
[Black "Grigorian, Spartak"]
[Result "1-0"]
[WhiteTitle "GM"]
[BlackTitle "IM"]
[WhiteElo "2638"]
[BlackElo "2460"]
[WhiteTeam "OSG Baden-Baden"]
[BlackTeam "SV Werder Bremen"]
[WhiteFideId "4625498"]
[BlackFideId "24661490"]
[EventDate "2022.10.22"]

1. d4 Nf6 2. c4 e6 3. Nc3 Bb4 4. e3 O-O 5. Bd3 c5 6. Ne2 d5 7. cxd5 exd5 8. a3
Bxc3+ 9. bxc3 b6 10. O-O Ba6 11. f3 Re8 12. Ng3 Bxd3 13. Qxd3 Nc6 14. Bb2 Rc8
15. Rae1 Rc7 16. e4 dxe4 17. fxe4 Ne5 18. Qe2 cxd4 19. cxd4 Nc4 20. Ba1 Qe7 21.
Qf2 Qxa3 22. Qf4 Rce7 23. Nf5 Rxe4 24. Rxe4 Rxe4 25. Qg5 Qf8 26. d5 Ne3 27. Nh6+
Kh8 28. Rxf6 Qc5 29. Nxf7+ Kg8 30. Nh6+ Kh8 31. Rf8+ Qxf8 32. Bxg7+ Qxg7 33.
Qd8+ 1-0

[Event "Bundesliga 2022-23"]
[Site "Bremen GER"]
[Date "2022.11.26"]
[Round "3.2"]
[Board "1"]
[White "Kadric, Denis"]
[Black "Ivic, Velimir"]
[Result "1/2-1/2"]
[WhiteTitle "GM"]
[BlackTitle "GM"]
[WhiteElo "2561"]
[BlackElo "2553"]
[WhiteTeam "TSV Schoenaich"]
[BlackTeam "SK Kirchweyhe"]
[WhiteFideId "14403803"]
[BlackFideId "950122"]
[EventDate "2022.10.22"]

1. e4 c5 2. Nc3 e6 3. Nf3 Nc6 4. d4 cxd4 5. Nxd4 Nf6 6. Nxc6 bxc6 7. e5 Nd5 8.
Ne4 Qc7 9. f4 Qb6 10. c4 Bb4+ 11. Ke2 f5 12. exf6 Nxf6 13. Be3 Qd8 14. Nd6+ Bxd6
15. Qxd6 Bb7 16. Rd1 Rc8 17. Qc5 Qb6 18. b4 d5 19. Qxb6 axb6 20. Bxb6 Ra8 21.
Ra1 Ra4 22. a3 Kf7 23. Ke3 Rha8 24. Bd3 Rxa3 25. Rxa3 Rxa3 26. Kd4 Ba6 27. Rc1
Bxc4 28. Bxc4 dxc4 29. Rxc4 Nd5 30. Rxc6 Ra4 31. Bc5 Nxb4 32. Bxb4 Rxb4+ 33. Ke3 1/2-1/2

[Event "Bundesliga 2022-23"]
[Site "Bremen GER"]
[Date "2022.11.26"]
[Round "3.2"]
[Board "2"]
[White "Brkic, Ante"]
[Black "Ivanisevic, Ivan"]
[Result "1-0"]
[WhiteTitle "GM"]
[BlackTitle "GM"]
[WhiteElo "2602"]
[BlackElo "2547"]
[WhiteTeam "SK Kirchweyhe"]
[BlackTeam "TSV Schoenaich"]
[WhiteFideId "14506688"]
[BlackFideId "912417"]
[EventDate "2022.10.22"]

1. e4 e5 2. Nf3 Nc6 3. Bb5 a6 4. Ba4 d6 5. O-O Bd7 6. c4 Nf6 7. Nc3 Be7 8. Bxc6
Bxc6 9. Re1 O-O 10. d4 exd4 11. Nxd4 Nd7 12. Be3 Bf6 13. b3 Re8 14. Qc2 Be5 15.
Rad1 Qf6 16. Nd5 Bxd5 17. cxd5 Rac8 18. Qd2 Qh4 19. f4 Bxd4 20. Bxd4 Nf6 21. e5
dxe5 22. fxe5 Nd7 23. Bb2 Qh5 24. e6 fxe6 25. dxe6 Nf8 26. Re5 Qh6 27. e7 Ng6
28. Qd5+ Kh8 29. Re6 Qh4 30. Rd4 Nf4 31. Qe5 1-0

[Event "Bundesliga 2022-23"]
[Site "Bremen GER"]
[Date "2022.11.26"]
[Round "3.2"]
[Board "3"]
[White "Plenca, Julijan"]
[Black "Markus, Robert"]
[Result "0-1"]
[WhiteTitle "IM"]
[BlackTitle "GM"]
[WhiteElo "2447"]
[BlackElo "2615"]
[WhiteTeam "TSV Schoenaich"]
[BlackTeam "SK Kirchweyhe"]
[WhiteFideId "14508044"]
[BlackFideId "921637"]
[EventDate "2022.10.22"]

1. e4 e6 2. d4 d5 3. e5 c5 4. c3 Nc6 5. Nf3 Bd7 6. Be2 Nge7 7. Na3 Ng6 8. h4
cxd4 9. cxd4 Be7 10. Nb5 O-O 11. h5 Nh4 12. Nxh4 Bxh4 13. h6 g6 14. O-O Be7 15.
Be3 f6 16. exf6 Bxf6 17. Qd2 Ne7 18. Nc3 Nf5 19. Bg4 Bh8 20. g3 Qb6 21. Rad1
Rac8 22. Rfe1 Rc4 23. Bxf5 Rxf5 24. b3 Rc8 25. Na4 Bxa4 26. bxa4 Rc4 27. a5 Qc6
28. Qe2 e5 29. dxe5 Rxe5 30. Qf1 d4 31. Bf4 Rxe1 32. Rxe1 Bf6 33. a6 b5 34. Qe2
Kf7 35. Be5 Rc2 36. Qf1 Bxe5 37. Rxe5 d3 38. Kh2 Rc1 39. Re1 d2 40. Rd1 g5 41.
Qd3 Rxd1 42. Qxh7+ Ke8 43. Qg8+ Kd7 44. Qf7+ Kc8 45. Qg8+ Kc7 0-1

[Event "Bundesliga 2022-23"]
[Site "Bremen GER"]
[Date "2022.11.26"]
[Round "3.2"]
[Board "4"]
[White "Stevic, Hrvoje"]
[Black "Koelle, Tobias"]
[Result "1/2-1/2"]
[WhiteTitle "GM"]
[BlackTitle "FM"]
[WhiteElo "2565"]
[BlackElo "2439"]
[WhiteTeam "SK Kirchweyhe"]
[BlackTeam "TSV Schoenaich"]
[WhiteFideId "14502569"]
[BlackFideId "16207378"]
[EventDate "2022.10.22"]

1. e4 c5 2. c3 d5 3. exd5 Qxd5 4. d4 Nf6 5. Nf3 Bg4 6. dxc5 Qxd1+ 7. Kxd1 Nc6 8.
Be3 Nd5 9. Bb5 e5 10. h3 Bxf3+ 11. gxf3 Nxe3+ 12. fxe3 Bxc5 13. Ke2 O-O-O 14.
Bxc6 bxc6 15. Nd2 f5 16. Nc4 Rhe8 17. Rag1 Rd7 18. h4 f4 19. Rg5 Bxe3 20. Nxe3
fxe3 21. Kxe3 Re6 22. h5 g6 23. hxg6 hxg6 24. Rhg1 Rdd6 25. R1g2 Kd7 26. Ke4 Rd1
27. Rxg6 Re1+ 28. Kd3 e4+ 29. fxe4 R6xe4 30. Rh6 R4e3+ 31. Kc4 R1e2 32. Rg7+ Re7
33. Rhh7 Rxg7 34. Rxg7+ Kc8 35. Kb3 Kb8 36. a4 Rh2 37. a5 a6 38. Rg4 Kc7 39. Rb4
Rh5 40. Ka4 Rh1 41. Kb3 Rh5 42. Ka4 Rh1 43. Rc4 Kd6 44. b4 Ra1+ 45. Kb3 Rb1+ 46.
Kc2 Rh1 47. Rd4+ Kc7 48. Kb3 Rh7 49. Kc4 Rg7 50. Rh4 Rf7 51. Rh5 Rf4+ 52. Kc5
Rf7 53. Rh3 Rg7 54. Rh4 Rd7 55. c4 Rg7 56. Kd4 Re7 57. Rf4 Rh7 58. Ke5 Re7+ 59.
Kf6 Re1 60. c5 Kd7 61. Rd4+ Kc7 62. Rg4 Rf1+ 63. Ke5 Re1+ 64. Re4 Rh1 65. Kf6
Rf1+ 66. Ke7 Rd1 67. Ke8 Kc8 68. Re6 Kc7 69. Re7+ Kb8 70. Rd7 Rh1 71. Rf7 Rd1
72. Ke7 Rd4 73. Ke6 Rd1 74. Re7 Rd4 75. Rh7 Rd1 76. Rd7 Rh1 77. Re7 Rd1 78. Kf7
Rd4 79. Ke8 Rd1 80. Re4 Kc7 81. Kf7 Rf1+ 82. Ke6 Rh1 83. Rf4 Re1+ 84. Kf6 Re2
85. Rh4 Rf2+ 86. Ke5 Re2+ 87. Re4 Rh2 88. Kf6 Rf2+ 89. Ke7 Rd2 90. Ke8 Rd1 91.
Re7+ Kb8 92. Rd7 Rh1 93. Rd8+ Kc7 94. Rd7+ Kb8 95. Rd8+ Kc7 96. Rd7+ 1/2-1/2